Sports Quiz

Random Sports Quiz

Athletes by Their Women Quiz Stats

 Plays Quiz not verified by Sporcle

Challenge
Share
Tweet
Embed
Score 0/33 Timer 10:00
0 Plays Today
Woman Athlete % Correct
Eva LongoriaTony Parker
89.3%
Kate HudsonAlex Rodriguez
89.3%
Marilyn MonroeJoe DiMaggio
83.9%
Jessica SimpsonTony Romo
82.1%
Gisele BündchenTom Brady
80.4%
Khloe KardashianLamar Odom
78.6%
Candice CrawfordTony Romo
76.8%
Kim KardashianKris Humphries
75%
Elin NordegrenTiger Woods
73.2%
Cameron DiazAlex Rodriguez
71.4%
Minka KellyAlex Rodriguez
71.4%
Carmen ElectraDennis Rodman
64.3%
Mariah CareyDerek Jeter
62.5%
Sheryl CrowLance Armstrong
62.5%
Brooke ShieldsAndre Agassi
60.7%
Victoria AdamsDavid Beckham
58.9%
Kendra WilkinsonHank Baskett
58.9%
Woman Athlete % Correct
Brooklyn DeckerAndy Roddick
46.4%
LaLaCarmelo Anthony
39.3%
Robin GivensMike Tyson
37.5%
Tila TequilaShawne Merriman
37.5%
RihannaMatt Kemp
35.7%
Hayden PanettiereWladimir Klitschko
28.6%
Kristin CavallariJay Culter
26.8%
Maria SharapovaSasha Vujacic
23.2%
Carrie UnderwoodMike Fisher
21.4%
Tyra BanksChris Webber
21.4%
Joanna GarciaNick Swisher
17.9%
Paris HiltonBrian Urlacher
14.3%
TrinaKenyon Martin
12.5%
Heidi StrobelCole Hamels
12.5%
Jamie-Lynn SiglerMark Sanchez
8.9%
Amber RoseAmare Stoudamire
1.8%

You're not logged in!

Compare scores with friends on all Sporcle quizzes.
Join for Free
OR
Log In

You Might Also Like...

Show Comments

Extras

Created Jun 9, 2011ReportNominate
Tags:Athletes, companion, female, past, woman, women

Top Quizzes Today


Score Distribution

Your Account Isn't Verified!

In order to create a playlist on Sporcle, you need to verify the email address you used during registration. Go to your Sporcle Settings to finish the process.

Report this User

Report this user for behavior that violates our Community Guidelines.

Details: